ASPECTS MYSTIQUES DE LA ROME PAIENNE /

INDICE

Guardado en:
Bibliografiske detaljer
Hovedforfatter: Carcopino, Jérôme (autor)
Format: Bog
Fag:
Tags: Tilføj Tag
Ingen Tags, Vær først til at tagge denne postø!

MARC

LEADER 00000nam^a2200000^a^4500
001 000244556
005 20250521000000.0
009 20260310105423.342
035 |a 066972 
037 |a Acervo Xavier Clavigero 
082 |a 292. 07  |b CAR 
100 |a Carcopino, Jérôme  |e (autor) 
245 1 0 |a ASPECTS MYSTIQUES DE LA ROME PAIENNE /  |c JEROME CARCOPINO 
264 |a PARIS :  |b L` ARTISAN DU LIVRE,  |c 1941 
300 |a 314 p. 
336 |a texto  |b txt  |2 rdacontenido 
337 |a sin mediación  |b n  |2 rdamedio 
338 |a volumen  |b nc  |2 rdasoporte 
520 |a INDICE 
649 |a XX 
650 |a RELIGIONES -  |x PAGANISMO 
650 |a Roma -  |x Historia 
910 |a Fondo General 
920 |a Impresos - Libros 
930 |a Colección General 
905 |a 101 
901 |a 066972  |b IT1  |c ACC  |i 066972  |u 20250521 
902 |a https://opac.biblio.iteso.mx/vufind/Record/000244556